000 00685cam a2200229M 4500
001 53054
005 20230410143426.0
008 050422s2003 ie a o000 0 eng d
035 _a(OCoLC)ocm59315209
040 _aUKV3G
_cUKV3G
_dBRI
_dDRFGD
035 _a(OCoLC)59315209
049 _aGRAL
050 1 4 _aF773f 2003
245 0 4 _aThe fourth report of the Expert Group on Future Skills Needs :
_bresponding to Ireland's growing skill needs.
300 _a[1 v.]
650 7 _aEducation and training
_2sigle
650 7 _aLabour relations
_2sigle
710 2 _aForfás.
_bExpert Group on Future Skills Needs.
942 _2lcc
_cbk
946 _almminaya
994 _aC0
_bDRFGD
999 _c101426
_d101426